| 000 | 00599nam a2200169Ia 4500 | ||
|---|---|---|---|
| 008 | 090711s9999 xx 000 0 und d | ||
| 082 | _b37824 | ||
| 100 | _aभावे पुरुषोत्तम भा. | ||
| 245 | _aआदेश विरुध्द अत्रे | ||
| 260 | _c1978 | ||
| 300 | _a136 | ||
| 600 | _aभावे पुरुषोत्तम भा. | ||
| 630 | _aआदेश विरुध्द अत्रे | ||
| 700 | _aभावे पुरुषोत्तम भा. | ||
| 730 | _aआदेश विरुध्द अत्रे | ||
| 942 | _cBOOK | ||
| 999 |
_c289897 _d289897 |
||